000 01005nam a2200265Ia 4500
003 OSt
005 20221005103936.0
006 a|||||r|||| 00| 0
007 ta
008 221004b |||||||| |||| 00| 0 hin d
020 _a9789381692011 (HBK)
_c1200
024 _a3168
037 _b2007, 08/03/2013, Tej Prakashan
_cTextual
040 _aCRL
_cCRL
_bhin
041 _2hin
_ahin
082 _aO152,1N265:g, Q2
100 _aपाण्डेय, रामसजन, संपा.
245 0 _aमहेंद्र भटनागर की काव्य यात्रा
246 _aMaheandra bhaṭanāgar kī kāvya yātrā
260 _aदिल्ली
_bगौरव बुक्स भारत
_c2012
300 _a319पृ0
_ccm.
650 _aहिन्दी साहित्य
942 _hO152,1N265:g, Q2
_cTEXL
_2cc
999 _c1011350
_d1011350